<?xml version="1.0" encoding="UTF-8"?>
<record
    xmlns:xsi="http://www.w3.org/2001/XMLSchema-instance"
    xsi:schemaLocation="http://www.loc.gov/MARC21/slim http://www.loc.gov/standards/marcxml/schema/MARC21slim.xsd"
    xmlns="http://www.loc.gov/MARC21/slim">

  <leader>02135nam a2200277 a 4500</leader>
  <controlfield tag="001">000008395</controlfield>
  <controlfield tag="005">20250115114737.0</controlfield>
  <controlfield tag="008">090916s2006    dr c          000 0 spa d</controlfield>
  <datafield tag="020" ind1=" " ind2=" ">
    <subfield code="a">9945404083</subfield>
  </datafield>
  <datafield tag="040" ind1=" " ind2=" ">
    <subfield code="a">DO-SdBNP</subfield>
    <subfield code="b">spa</subfield>
    <subfield code="c">BNPHU</subfield>
  </datafield>
  <datafield tag="082" ind1=" " ind2=" ">
    <subfield code="a">RD868.5</subfield>
    <subfield code="b">C744L</subfield>
  </datafield>
  <datafield tag="111" ind1="2" ind2=" ">
    <subfield code="a">Concurso Literario Capotillo</subfield>
    <subfield code="d">(2005 :</subfield>
    <subfield code="c">Santo Domingo)</subfield>
    <subfield code="9">22635</subfield>
  </datafield>
  <datafield tag="245" ind1="1" ind2="0">
    <subfield code="a">Premios /</subfield>
    <subfield code="c">editor Gerardo Castillo Javier.</subfield>
  </datafield>
  <datafield tag="260" ind1=" " ind2=" ">
    <subfield code="a">Santo Domingo :</subfield>
    <subfield code="b">Secretar&#xED;a de Estado de Cultura,</subfield>
    <subfield code="c">2006.</subfield>
  </datafield>
  <datafield tag="300" ind1=" " ind2=" ">
    <subfield code="a">132 p. :</subfield>
    <subfield code="b">retrs. ;</subfield>
    <subfield code="c">22 cm.</subfield>
  </datafield>
  <datafield tag="490" ind1="1" ind2=" ">
    <subfield code="a">Pinos nuevos</subfield>
    <subfield code="v">1</subfield>
  </datafield>
  <datafield tag="505" ind1="0" ind2=" ">
    <subfield code="a">Sorpresa fatal / Lidia Antigua de los Santos --</subfield>
    <subfield code="t">M&#xE1;teme alguien /</subfield>
    <subfield code="r">Jehovanny Antonio Paulino --</subfield>
    <subfield code="t">El af&#xE1;n/</subfield>
    <subfield code="r">Yocaslia de Jes&#xFA;s Aramboles --</subfield>
    <subfield code="t">Mundo fr&#xED;o /</subfield>
    <subfield code="r">Teresa Didion&#xE9; Paulino --</subfield>
    <subfield code="t">El limpiabotas /</subfield>
    <subfield code="r">Any Cortorreal Tineo --</subfield>
    <subfield code="t">El cuarto oscuro /</subfield>
    <subfield code="r">Mirna Johanna Thom&#xE1;s P&#xE9;rez --</subfield>
    <subfield code="t">Carlos sin miedo /</subfield>
    <subfield code="r">Eruberkys Hurtado --</subfield>
    <subfield code="t">La apariencia de Antonio /</subfield>
    <subfield code="r">Karen Massiel Vargas --</subfield>
    <subfield code="t">Las flores de mi jard&#xED;n /</subfield>
    <subfield code="r">Mar&#xED;a Altagracia de la Rosa --</subfield>
    <subfield code="t">El peor camino /</subfield>
    <subfield code="r">Erny Paulino --</subfield>
    <subfield code="t">Poes&#xED;a :</subfield>
    <subfield code="t">Mirada de tres lobos /</subfield>
    <subfield code="r">Teresa Didion&#xE9; Paulino --</subfield>
    <subfield code="t">Lamiendose una herida de a&#xF1;o en a&#xF1;o /</subfield>
    <subfield code="r">Carmen Cecilia G&#xF3;mez --</subfield>
    <subfield code="t">Mi &#xE1;ngel guardi&#xE1;n /</subfield>
    <subfield code="r">Carmen Luisa Santos --</subfield>
    <subfield code="t">El amor y los elementos /</subfield>
    <subfield code="r">Wilmer Odalix Pi&#xF1;a N&#xFA;&#xF1;ez --</subfield>
    <subfield code="t">El primer beso se da con los ojos /</subfield>
    <subfield code="r">Jehovanny Antonio Paulino --</subfield>
    <subfield code="t">Eres /</subfield>
    <subfield code="r">Mirna Johanna Thom&#xE1;s P&#xE9;rez --</subfield>
    <subfield code="t">Carta desconocida /</subfield>
    <subfield code="r">Fabiola Ar&#xED;as Hern&#xE1;ndez --</subfield>
    <subfield code="t">L&#xE1;grimas secas /</subfield>
    <subfield code="r">Indira Ortiz Garc&#xED;a --</subfield>
    <subfield code="t">Ansia de amor /</subfield>
    <subfield code="r">Wendy Yadira H. Fr&#xED;as --</subfield>
    <subfield code="t">Fortuna /</subfield>
    <subfield code="r">Yocaslia de Jes&#xFA;s Aramboles --</subfield>
    <subfield code="t">Ensayos :</subfield>
    <subfield code="t">Lo que debe cambiar el merengue /</subfield>
    <subfield code="r">Carlos Manuel P&#xE9;rez --</subfield>
    <subfield code="t">El actual ritmo del merengue esta bien /</subfield>
    <subfield code="r">Franklin Antonio Suero --</subfield>
    <subfield code="t">Hay que relanzar el merengue /</subfield>
    <subfield code="r">Anderson Gonz&#xE1;lez</subfield>
  </datafield>
  <datafield tag="650" ind1=" " ind2="0">
    <subfield code="a">Cuentos dominicanos</subfield>
    <subfield code="9">176</subfield>
  </datafield>
  <datafield tag="650" ind1=" " ind2="0">
    <subfield code="a">Poes&#xED;a dominicana</subfield>
    <subfield code="9">66</subfield>
  </datafield>
  <datafield tag="650" ind1=" " ind2="0">
    <subfield code="a">Ensayos dominicanos</subfield>
    <subfield code="9">65</subfield>
  </datafield>
  <datafield tag="650" ind1=" " ind2="0">
    <subfield code="a">Literatura dominicana.</subfield>
    <subfield code="9">67</subfield>
  </datafield>
  <datafield tag="700" ind1="1" ind2="2">
    <subfield code="a">Castillo Javier, Gerardo,</subfield>
    <subfield code="d">1963-</subfield>
    <subfield code="e">ed.</subfield>
    <subfield code="9">1677</subfield>
  </datafield>
  <datafield tag="710" ind1="1" ind2=" ">
    <subfield code="a"> Rep&#xFA;blica Dominicana.</subfield>
    <subfield code="b"> Secretar&#xED;a de Estado de Cultura</subfield>
    <subfield code="9">6453</subfield>
  </datafield>
  <datafield tag="830" ind1=" " ind2="0">
    <subfield code="a">Pinos nuevos</subfield>
    <subfield code="n">1</subfield>
    <subfield code="9">22637</subfield>
  </datafield>
  <datafield tag="910" ind1=" " ind2=" ">
    <subfield code="a">Validado. Control de calidad MFF</subfield>
  </datafield>
  <datafield tag="952" ind1=" " ind2=" ">
    <subfield code="0">0</subfield>
    <subfield code="1">0</subfield>
    <subfield code="5">4</subfield>
    <subfield code="7">0</subfield>
    <subfield code="8">DS</subfield>
    <subfield code="a">GR</subfield>
    <subfield code="b">GR</subfield>
    <subfield code="c">HD</subfield>
    <subfield code="d">2009-09-16</subfield>
    <subfield code="i">LF1</subfield>
    <subfield code="l">0</subfield>
    <subfield code="o">RD868.5 C744L</subfield>
    <subfield code="p">8395-30</subfield>
    <subfield code="r">2020-06-25</subfield>
    <subfield code="t">e. 3</subfield>
    <subfield code="w">2020-06-25</subfield>
    <subfield code="y">LFDS</subfield>
    <subfield code="Z">Pr&#xE9;stamo en sala</subfield>
  </datafield>
  <datafield tag="952" ind1=" " ind2=" ">
    <subfield code="0">0</subfield>
    <subfield code="1">0</subfield>
    <subfield code="5">4</subfield>
    <subfield code="7">0</subfield>
    <subfield code="8">DS</subfield>
    <subfield code="a">GR</subfield>
    <subfield code="b">GR</subfield>
    <subfield code="c">HD</subfield>
    <subfield code="d">2009-09-16</subfield>
    <subfield code="i">LF1</subfield>
    <subfield code="l">0</subfield>
    <subfield code="o">RD868.5 C744L</subfield>
    <subfield code="p">8395-40</subfield>
    <subfield code="r">2020-06-25</subfield>
    <subfield code="t">e. 4</subfield>
    <subfield code="w">2020-06-25</subfield>
    <subfield code="y">LFDS</subfield>
    <subfield code="Z">Pr&#xE9;stamo en sala</subfield>
  </datafield>
  <datafield tag="952" ind1=" " ind2=" ">
    <subfield code="0">0</subfield>
    <subfield code="1">0</subfield>
    <subfield code="5">4</subfield>
    <subfield code="7">0</subfield>
    <subfield code="8">DS</subfield>
    <subfield code="a">GR</subfield>
    <subfield code="b">GR</subfield>
    <subfield code="c">HD</subfield>
    <subfield code="d">2009-09-16</subfield>
    <subfield code="i">LF1</subfield>
    <subfield code="l">0</subfield>
    <subfield code="o">RD868.5 C744L</subfield>
    <subfield code="p">8395-50</subfield>
    <subfield code="r">2020-06-25</subfield>
    <subfield code="t">e. 5</subfield>
    <subfield code="w">2020-06-25</subfield>
    <subfield code="y">LFDS</subfield>
    <subfield code="Z">Pr&#xE9;stamo en sala</subfield>
  </datafield>
  <datafield tag="952" ind1=" " ind2=" ">
    <subfield code="0">0</subfield>
    <subfield code="1">0</subfield>
    <subfield code="7">1</subfield>
    <subfield code="8">PD</subfield>
    <subfield code="a">PD</subfield>
    <subfield code="b">PD</subfield>
    <subfield code="c">HD</subfield>
    <subfield code="d">2009-09-16</subfield>
    <subfield code="i">LF1</subfield>
    <subfield code="l">0</subfield>
    <subfield code="o">RD868.5 C744L</subfield>
    <subfield code="p">8395-10</subfield>
    <subfield code="r">2020-06-25</subfield>
    <subfield code="w">2020-06-25</subfield>
    <subfield code="y">LFPD</subfield>
    <subfield code="Z">No se presta</subfield>
  </datafield>
  <datafield tag="952" ind1=" " ind2=" ">
    <subfield code="0">0</subfield>
    <subfield code="1">0</subfield>
    <subfield code="7">1</subfield>
    <subfield code="8">PD</subfield>
    <subfield code="a">PD</subfield>
    <subfield code="b">PD</subfield>
    <subfield code="c">HD</subfield>
    <subfield code="d">2009-09-16</subfield>
    <subfield code="i">LF1</subfield>
    <subfield code="l">0</subfield>
    <subfield code="o">RD868.5 C744L</subfield>
    <subfield code="p">8395-20</subfield>
    <subfield code="r">2020-06-25</subfield>
    <subfield code="t">e. 2</subfield>
    <subfield code="w">2020-06-25</subfield>
    <subfield code="y">LFPD</subfield>
    <subfield code="Z">No se presta</subfield>
  </datafield>
  <datafield tag="999" ind1=" " ind2=" ">
    <subfield code="c">8166</subfield>
    <subfield code="d">8166</subfield>
  </datafield>
</record>
